Central Library OPAC University of Rajshahi

উপমহাদেশে ইসলামের আগমনের ধারা ও প্রকৃতি ; (Record no. 77806)

MARC details
000 -LEADER
fixed length control field 01934nam a2200289 a 4500
001 - CONTROL NUMBER
control field 77806
003 - CONTROL NUMBER IDENTIFIER
rucl marc code BD-RjUL
005 - DATE AND TIME OF LATEST TRANSACTION
control field 20211209083029.0
008 - FIXED-LENGTH DATA ELEMENTS--GENERAL INFORMATION
fixed length control field 210119s 2009bg |||| m||| 00| 0 ben d
035 ## - SYSTEM CONTROL NUMBER
System control number (BD-RjUL)78032
040 ## - CATALOGING SOURCE
Original cataloging agency BD-RjUL
Language of cataloging ben /eng
Transcribing agency BD-RjUL
Modifying agency BD-RjUL
041 ## - LANGUAGE CODE
Language code of text/sound track or separate title ben
082 ## - DEWEY DECIMAL CLASSIFICATION NUMBER
Classification number 297.0954
Author mark and year SAU 2009
Edition number 23
100 ## - MAIN ENTRY--PERSONAL NAME
Personal name সা'আদাত, মো. নাজমুস
9 (RLIN) 243689
245 10 - TITLE STATEMENT
Title উপমহাদেশে ইসলামের আগমনের ধারা ও প্রকৃতি ;
Remainder of title (১৫২৬ খ্রী. পর্যন্ত) /
Statement of responsibility, etc. মো. নাজমুস সা'আদাত ;
Linkage গবেষণা ত্তত্বাবধায়ক : মুহাম্মদ, রফিকুল ইসলাম
260 ## - PUBLICATION, DISTRIBUTION, ETC. (IMPRINT)
Place of publication, distribution, etc. রাজশাহী :
Name of publisher, distributor, etc. ইসলামিক স্টাডিজ বিভাগ, রাজশাহী বিশ্ববিদ্যালয়,
Date of publication, distribution, etc. ২০০৯
300 ## - PHYSICAL DESCRIPTION
Pagination [৯] ১ - ১৬৪ পাতা ;
Size ২৯ সেমি.
502 ## - DISSERTATION NOTE
Dissertation note থিসিস (এম, ফিল.) -- ইসলামিক স্টাডিজ বিভাগ, রাজশাহী বিশ্ববিদ্যালয়,২০০৯
504 ## - BIBLIOGRAPHY, ETC. NOTE
Bibliography, etc গ্রন্থপঞ্জি : পাতা ১৫৬ - ১৬৪
600 ## - SUBJECT ADDED ENTRY--PERSONAL NAME
Titles and other words associated with a name
Dates associated with a name
650 ## - SUBJECT ADDED ENTRY--TOPICAL TERM
Topical term or geographic name as entry element ইসলাম
Geographic subdivision উপমহাদেশ
General subdivision ইতিহাস
Chronological subdivision ১৫২৬ খ্রী. পর্যন্ত
9 (RLIN) 243981
Topical term or geographic name as entry element Islam
Geographic subdivision subcontinent
General subdivision History
Chronological subdivision 1526 AD Until
9 (RLIN) 243982
Topical term or geographic name as entry element সুফিবাদ
Geographic subdivision উপমহাদেশ - ইতিহাস
General subdivision ইতিহাস
Chronological subdivision ১৫২৬ খ্রী. পর্যন্ত
9 (RLIN) 243983
Topical term or geographic name as entry element Sufism
Geographic subdivision subcontinent
General subdivision History
Chronological subdivision 1526 AD Until
9 (RLIN) 243984
700 ## - ADDED ENTRY--PERSONAL NAME
Personal name ইসলাম, মুহাম্মদ. রফিকুল, গবেষণা তত্ত্বাবধায়ক
942 ## - ADDED ENTRY ELEMENTS (KOHA)
Source of classification or shelving scheme Dewey Decimal Classification
Koha item type Theses
Holdings
Lost status Source of classification or shelving scheme Damaged status Not for loan Collection code Permanent Location Current Location Shelving location Date acquired Source of acquisition Total Checkouts Full call number Date last seen Copy number Koha item type
  Dewey Decimal Classification   Not For Loan Theses Central Library, University of Rajshahi Central Library, University of Rajshahi Documentation Section 09/11/2010 Controller of Exam., R.U   BTHE 297.0954 SAU 2009 26/01/2021 C-1 Theses